• 首页
  • 本馆介绍
  • 公告通知
  • 最新文献
  • 馆藏检索
  • 电子资源
  • 读者导购
  • 参考咨询
  • 我的图书馆
  • 登录
  • 详细信息显示
  • 放入我的书架
  • 预约/预借图书
  • 作者相关作品
  • 分类相关作品
  • 丛书相关作品
  • 出版社相关作品

书目信息

  • 表格格式
  • 工作单格式
  • 卡片格式
题名:
知觉与经验
    
 
作者: 小皮克 , 沃尔克 主编 ;喻伯林 译
分册:  
出版信息: 北京   科学出版社  1986.12
页数: 460页
开本: 20cm
丛书名:
单 册:
中图分类: B842.2
科图分类:
主题词: 知觉 , 感觉
电子资源:
ISBN:
000 00631nam0 2200229 45
001 0181024971
005 20060425164640.23
010    @dCNY4.25
091    @a13031.3361
100    @a20810111d km y0chiy0120 ea
101 0  @achi
200 1  @a知觉与经验@AZHI JUE YU JING YAN@f(美)R·D·沃尔克,H·L·小皮克主编@F(Mei)R·D·Wo Er Ke,H·L·Xiao Pi Ke Zhu Bian@g喻伯林等译
210    @a北京@c科学出版社@d1986.12
215    @a460页@d20cm
606 0  @a知觉
606 0  @a感觉
690    @aB842.2@v3
701 0  @a小皮克@4主编
701 0  @a沃尔克@4主编
702 0  @a喻伯林@4译
801    @aCN@bTSTC@c20060425
905    @dB842.2@e209
    
    知觉与经验/(美)R·D·沃尔克,H·L·小皮克主编/喻伯林等译.-北京:科学出版社,1986.12
    460页;20cm
    
    
    ISBN :CNY4.25
    
●
相关链接 在E读中查询图书 在五车中查询图书 在当当中查询图书 在豆瓣中查询图书


正题名:知觉与经验     索取号:B842.2/209         预约/预借

序号 登录号 条形码 馆藏地/架位号 状态 备注
1 0212563   000513288   密集书库/ [索取号:B842.2/209] 在馆    
2 0212564   202273921   密集书库/ [索取号:B842.2/209] 在馆    
3 0212565   002043979   第一样本阅览室/ [索取号:B842.2/209] 在馆    
唐山师范学院图书馆 欢迎您!
大连网信软件有限公司© 版权所有